000 01939cam a2200157 4500500
005 20260405011521.0
041 _afre
042 _adc
100 1 0 _aBotchkareva, Maria
_eauthor
700 1 0 _aAudoin-Rouzeau, Stéphane
_eauthor
700 1 0 _aWerth, Nicolas
_eauthor
245 0 0 _aYashka, journal d'une femme combattante : Russie (1914-1917)
260 _bArmand Colin,
_c2012.
520 _aVoici le récit du destin extraordinaire de Yashka, simple paysanne russe qui s’est engagée dans l'armée du Tsar dès le début de la Première Guerre mondiale. Lorsque survient la révolution de mars 1917, elle obtient du gouvernement provisoire de créer un bataillon de femmes placé sous son commandement. Si certains font d’elle une haute figure du féminisme, Yashka aspire seulement à sauver sa « Sainte Russie » et à faire honte aux hommes qui ont renoncé à se battre dans l’espoir d’une paix séparée. Pourtant, lors de la dernière offensive de l’armée russe, le «bataillon de la mort» conduit par Yashka se fait massacrer en pure perte. Dans la guerre civile qui s’annonce, elle s’engage du côté de la contre-révolution. Les événements la poussent à quitter la Russie et à rejoindre l’Amérique afin d’y effectuer une tournée de propagande pour les «blancs». C'est là qu'elle rencontre Isaac Levine, un exilé russe à qui elle raconte son histoire. Publié en 1919, ce récit était tombé dans l'oubli. Stéphane Audoin- Rouzeau et Nicolas Werth le ressuscitent en soulignant la véracité et la portée historique de ce texte exceptionnel. Stéphane Audoin-Rouzeau est directeur d’études à l’EHESS (École des hautes études en sciences sociales). Nicolas Werth est directeur de recherche à l’IHTP (Institut d’histoire du temps présent).
856 4 1 _uhttps://shs.cairn.info/yashka-journal-d-une-femme-combattante--9782200275167?lang=fr&redirect-ssocas=7080
999 _c2095441
_d2095441